| 000 | 00543nam a22001817a 4500 | ||
|---|---|---|---|
| 999 |
_c2896 _d2896 |
||
| 003 | AR-CdUCM | ||
| 008 | 190227b ||||| |||| 00| 0 spa d | ||
| 040 |
_aMUNICIPALIDAD PROVINCIAL DEL CUSCO _cBIBLIOTECA MUNICIPAL DEL CUSCO |
||
| 082 |
_a895.183 / _bL67 _2Tercera |
||
| 100 |
_aLin, Yutang _99977 |
||
| 245 |
_aAmor e ironía / _cYutang Lin |
||
| 260 |
_aBuenos Aires : _bBiblioteca Nueva, _c1943. |
||
| 300 |
_a336 páginas ; _c19 cm. |
||
| 650 |
_aLiteratura _983 |
||
| 650 |
_aLiteratura China _99978 |
||
| 942 |
_2ddc _cLIBROS |
||
| 945 | _arac | ||